| Tag |
First Indicator |
Second Indicator |
Subfields |
| LEADER |
00000cam a2200000Mc 4500 |
| 001 |
in00004530757 |
| 005 |
20191205081802.0 |
| 008 |
070622s2006 gw m 000 0 ger d |
| 015 |
|
|
|a 07,H09,2192
|2 dnb
|
| 016 |
7 |
|
|a 984714707
|2 DE-101
|
| 029 |
0 |
|
|a GWDNB
|b 984714707
|
| 029 |
1 |
|
|a GEBAY
|b 10127051
|
| 035 |
|
|
|a (OCoLC)ocn182779129
|
| 035 |
|
|
|a (OCoLC)182779129
|
| 035 |
|
|
|z (UtOrBLW)63414
|
| 035 |
|
|
|a 90772
|
| 040 |
|
|
|a GWDNB
|e rakwb
|b ger
|c GWDNB
|d UtOrBLW
|
| 044 |
|
|
|a XA-DE
|
| 049 |
|
|
|a TMVM
|
| 082 |
0 |
4 |
|8 1 x
|a 617.43
|q DE-101
|2 22/ger
|
| 084 |
|
|
|a 610
|2 sdnb
|
| 084 |
|
|
|a 610
|2 GyFmDB
|
| 085 |
|
|
|8 1 x
|b 617.43
|
| 100 |
1 |
|
|a Dumser, Christoph.
|0 (DE-101)133090329,
|e author.
|
| 245 |
1 |
0 |
|a Einsatz von Haemoclips zur endoskopischen Behandlung oberer gastrointestinaler Blutungen :
|b eine experimentelle Studie am compactEASIE-Simulator zur Wirksamkeit und Handhabung /
|c von Christoph Dumser.
|
| 300 |
|
|
|a 90 S. :
|b illustrations, graph. Darst. ;
|c 21 cm
|
| 336 |
|
|
|a text
|2 rdacontent
|b txt
|
| 337 |
|
|
|a unmediated
|2 rdamedia
|
| 338 |
|
|
|a volume
|2 rdacarrier
|b nc
|
| 502 |
|
|
|c München, Univ., Diss.
|d 2007
|
| 994 |
|
|
|a C0
|b TMV
|
| 999 |
|
|
|a MARS
|
| 999 |
f |
f |
|s 80d4ff95-ec93-37e2-86f6-76a71539a2ab
|i a9204321-588e-3dab-90e0-cd5fa99ceec0
|t 0
|
| 952 |
f |
f |
|p preservation
|a Texas A&M University
|b J.J. Pickle Campus
|c High Density Repository
|d Remote Storage
|t 0
|e German dissertations
|h Other scheme
|i unmediated -- volume
|m 3238902453185
|
| 998 |
f |
f |
|a German dissertations
|t 0
|l Remote Storage
|